Príležitosti pre rozvoj malého a stredného podnikania v okrese Stará Ľubovňa

Zhodnotenie ekonomických aspektov pre rozvoj podnikania v okrese Stará Ľubovňa. SWOT analýza okresu Stará Ľubovňa. Riešené v rámci VEGY.

Na minha lista:
Detalhes bibliográficos
Autor principal: Bajus, Radoslav
Outros Autores: Gál, Marián
Formato: Capítulo de Livro
Idioma:eslovaco
Assuntos:
Tags: Adicionar Tag
Sem tags, seja o primeiro a adicionar uma tag!

MARC

LEADER 00000naa$a2200000$$$4500
001 0046638
005 20220315135522.4
041 0 |a slo 
044 |a SK 
245 1 0 |a Príležitosti pre rozvoj malého a stredného podnikania v okrese Stará Ľubovňa  |c Radoslav Bajus, Marián Gál 
520 |a Zhodnotenie ekonomických aspektov pre rozvoj podnikania v okrese Stará Ľubovňa. SWOT analýza okresu Stará Ľubovňa. Riešené v rámci VEGY. 
610 2 0 |a podnikanie malé 
610 2 0 |a podnikanie stredné 
610 2 0 |a analýza swot 
610 2 0 |a Slovensko 
100 1 |a Bajus, Radoslav 
700 1 |a Gál, Marián